[Event "FIDE World Cup"]
[Site "Tromsoe"]
[Date "2013.08.13"]
[Round "1.4"]
[White "Radjabov, Teimour"]
[Black "Cori, Jorge Moise"]
[Result "1-0"]
[WhiteElo "2733"]
[BlackElo "2549"]
[PlyCount "75"]
[EventDate "2013.08.11"]
[EventType "k.o."]
[EventRounds "7"]
[EventCountry "NOR"]
[SourceTitle "CBM 156"]
[Source "ChessBase"]
[SourceDate "2013.09.17"]
[SourceVersion "1"]
[SourceVersionDate "2013.09.17"]
[SourceQuality "1"]

1. Nf3 d5 2. g3 Nf6 3. Bg2 c6 4. b3 Bg4 5. Bb2 Nbd7 6. O-O e6 7. d3 Be7 8. Nbd2 O-O 9. e4 a5 10. a3 Bh5 ({RR} 10... Ne8 11. Qe2 Nc7 12. Qe3 Re8 13. Qd4 e5 14. Qe3 Bc5 15. Qe2 Nb5 16. h3 Bh5 17. g4 Bg6 18. a4 Nd6 19. Rfe1 Rc8 20. Kh1 Qb6 21. Rf1 Rcd8 22. Nh4 dxe4 23. dxe4 Nf8 24. Nf5 Qc7 25. f4 {Naroditsky,D (2634)-Holt,C (2550) Chess.com INT 2016 ½-½ (49)}) ({RR} 10... Qc7 11. Qe2 Rad8 12. Rab1 dxe4 13. dxe4 e5 14. h3 Bxf3 15. Nxf3 Rfe8 16. h4 Bf8 17. Bh3 Bd6 18. Nd2 Nc5 19. f3 Ne6 20. Bxe6 Rxe6 21. Rfd1 Bc5+ 22. Kg2 Bd4 23. c3 Bc5 24. Nc4 b5 25. Ne3 {Topalov,A (2233)-Beulen,M (2359) chess.com INT 2025 1-0 (40)}) 11. Qe2 $146 ({RR} 11. h3 h6 12. Qe1 Ne8 13. Nh2 Bg6 14. f4 Nc7 15. Nhf3 Bh7 16. g4 Bf6 17. e5 Be7 18. Qg3 f5 19. g5 Kf7 20. Rae1 h5 21. c4 g6 22. Rc1 Bg8 23. Rc2 Kg7 24. Rfc1 Kh7 25. Kh2 Bf7 {Svetushkin,D (2553)-Hochgraefe,M (2327) Hamburg 2004 1-0 (54)}) 11... Qb8 12. Rfe1 h6 13. h3 dxe4 14. dxe4 Rd8 15. Rad1 Bg6 16. e5 Nd5 17. Nc4 Nc5 18. Nd6 Bxd6 19. exd6 Ne4 20. Rd4 Nxd6 21. Ne5 Nf5 22. Rd2 Nfe7 23. Nxg6 Nxg6 24. Be4 Nde7 25. h4 Rxd2 26. Qxd2 f6 27. Qe2 Nf8 28. Bd3 Qd6 29. Rd1 Qc7 30. Qg4 Kf7 31. Re1 Rd8 32. Bc3 b6 33. Bb2 Qd6 34. Re4 Rd7 35. Qh5+ Neg6 36. Rd4 Qe7 37. Bxg6+ Nxg6 38. Rg4 1-0

[Event "FIDE World Cup"]
[Site "Tromsoe"]
[Date "2013.08.13"]
[Round "1.4"]
[White "Safarli, Eltaj"]
[Black "Amin, Bassem"]
[Result "1-0"]
[WhiteElo "2660"]
[BlackElo "2652"]
[PlyCount "181"]
[EventDate "2013.08.11"]
[EventType "k.o."]
[EventRounds "7"]
[EventCountry "NOR"]
[SourceTitle "CBM 156"]
[Source "ChessBase"]
[SourceDate "2013.09.17"]
[SourceVersion "1"]
[SourceVersionDate "2013.09.17"]
[SourceQuality "1"]

1. e4 e5 2. Nf3 Nc6 3. Nc3 Nf6 4. g3 g6 5. Bg2 Bg7 6. O-O O-O 7. d3 d6 8. h3 Ne8 9. Nd5 Be6 ({RR} 9... Nd4 10. Nxd4 exd4 11. Nf4 c6 12. Bd2 Nc7 13. c3 Ne6 14. Ne2 Qb6 15. Qc2 Bd7 16. Rae1 Rae8 17. Kh2 Qa6 18. cxd4 Nxd4 19. Nxd4 Bxd4 20. Bh6 Bg7 21. Bxg7 Kxg7 22. Qc3+ Kg8 23. d4 c5 24. a3 {Dai,C (2496)-Lou Yiping (2492) Xinghua CHN 2023 ½-½ (32)}) 10. c3 Qc8 $146 ({RR} 10... h6 11. d4 f5 12. Nh4 Bxd5 13. exd5 Ne7 14. dxe5 dxe5 15. Qb3 Nd6 16. Nf3 Kh7 17. Re1 e4 18. Nd4 Bxd4 19. cxd4 Qe8 20. Bf4 Qf7 21. Bxd6 cxd6 22. Qxb7 Nxd5 23. Qxf7+ Rxf7 24. f3 Re8 25. fxe4 {Safarli,E (2660)-Amin,B (2652) Tromsoe 2013 1-0 (51)}) 11. Kh2 h6 12. d4 exd4 13. Nxd4 Bxd5 14. exd5 Nxd4 15. cxd4 c5 16. dxc6 bxc6 17. Qa4 d5 18. Bf4 Qb7 19. Rac1 Rc8 20. Rc2 g5 21. Bd2 Nd6 22. Bb4 Rfd8 23. Bc5 Ne4 24. b3 a6 25. Re1 Nxc5 26. Rxc5 Bf8 27. Rc2 Qb4 28. Qxb4 Bxb4 29. Rec1 Ba3 30. Rd1 c5 31. dxc5 Rxc5 32. Rxc5 Bxc5 33. Bxd5 Kg7 34. Kg2 Kf6 35. f4 gxf4 36. gxf4 a5 37. Kf3 Bb4 38. Rd3 Rd7 39. Ke2 Re7+ 40. Kf3 Rd7 41. h4 Rd8 42. h5 Rd7 43. Rd4 Bc5 44. Rd1 Bb4 45. Rd3 Rd8 46. a4 Rd7 47. Rd1 Rd8 48. Ke4 Re8+ 49. Kd4 Re1 50. Rd3 Rf1 51. Ke4 Re1+ 52. Kf3 Rf1+ 53. Kg3 Rc1 54. Rd4 Rc3+ 55. Kg4 Bc5 56. Rd2 Bb4 57. Rd1 Re3 58. Bc4 Re1 59. Rd7 Re7 60. Rd5 Rc7 61. Rf5+ Kg7 62. Rb5 Kf6 63. Rb6+ Kg7 64. Kf5 Bd2 65. Rb5 Bb4 66. Ke4 Kf6 67. Rb6+ Kg7 68. Bd5 Re7+ 69. Kd4 Bd2 70. Ra6 Rc7 71. f5 Bc3+ 72. Kd3 Rc5 73. Ke4 Rc7 74. f6+ Bxf6 75. Rxa5 Re7+ 76. Kd3 Re5 77. Rb5 Rxh5 78. a5 Rh3+ 79. Kc4 Rc3+ 80. Kb4 Rc1 81. Rb7 Bc3+ 82. Kb5 Rf1 83. a6 Bd4 84. Bc4 Rf2 85. b4 Rf3 86. Bd5 Rf1 87. Kc4 Bg1 88. a7 Rc1+ 89. Kb5 Ra1 90. Rxf7+ Kg6 91. Rf1 1-0

[Event "FIDE World Cup"]
[Site "Tromsoe"]
[Date "2013.08.13"]
[Round "1.5"]
[White "Safarli, Eltaj"]
[Black "Amin, Bassem"]
[Result "1-0"]
[WhiteElo "2660"]
[BlackElo "2652"]
[PlyCount "101"]
[EventDate "2013.08.11"]
[EventType "k.o."]
[EventRounds "7"]
[EventCountry "NOR"]
[SourceTitle "CBM 156"]
[Source "ChessBase"]
[SourceDate "2013.09.17"]
[SourceVersion "1"]
[SourceVersionDate "2013.09.17"]
[SourceQuality "1"]

1. e4 e5 2. Nf3 Nc6 3. Nc3 Nf6 4. g3 g6 5. Bg2 Bg7 6. O-O O-O 7. d3 d6 8. h3 Ne8 9. Nd5 Be6 ({RR} 9... Nd4 10. Nxd4 exd4 11. Nf4 c6 12. Bd2 Nc7 13. c3 Ne6 14. Ne2 Qb6 15. Qc2 Bd7 16. Rae1 Rae8 17. Kh2 Qa6 18. cxd4 Nxd4 19. Nxd4 Bxd4 20. Bh6 Bg7 21. Bxg7 Kxg7 22. Qc3+ Kg8 23. d4 c5 24. a3 {Dai,C (2496)-Lou Yiping (2492) Xinghua CHN 2023 ½-½ (32)}) 10. c3 h6 $146 ({RR} 10... Qc8 11. Kh2 h6 12. d4 exd4 13. Nxd4 Bxd5 14. exd5 Nxd4 15. cxd4 c5 16. dxc6 bxc6 17. Qa4 d5 18. Bf4 Qb7 19. Rac1 Rc8 20. Rc2 g5 21. Bd2 Nd6 22. Bb4 Rfd8 23. Bc5 Ne4 24. b3 a6 25. Re1 {Safarli,E (2660)-Amin,B (2652) Tromsoe 2013 1-0 (91)}) 11. d4 f5 12. Nh4 Bxd5 13. exd5 Ne7 14. dxe5 dxe5 15. Qb3 Nd6 16. Nf3 Kh7 17. Re1 e4 18. Nd4 Bxd4 19. cxd4 Qe8 20. Bf4 Qf7 21. Bxd6 cxd6 22. Qxb7 Nxd5 23. Qxf7+ Rxf7 24. f3 Re8 25. fxe4 Rfe7 26. e5 Nb4 27. Rad1 Nxa2 28. Ra1 Nb4 29. Ra4 Rb8 30. e6 Kg7 31. d5 Kf6 32. Re3 Rb5 33. Bf1 Rb6 34. Bc4 a6 35. Ra5 Rc7 36. b3 Ke7 37. Kf2 Rb8 38. Re2 Rbc8 39. Ke3 Rc5 40. Rxc5 Rxc5 41. Kd4 Ra5 42. Rf2 Ra1 43. Kc3 a5 44. g4 Rc1+ 45. Kd2 Ra1 46. Rf3 Ra2+ 47. Kc1 a4 48. gxf5 Rc2+ 49. Kd1 a3 50. f6+ Kf8 51. f7 1-0

[Event "St Petersburg Summer blitz"]
[Site "St Petersburg"]
[Date "2013.08.28"]
[Round "3"]
[White "Matlakov, Maxim"]
[Black "Stukopin, Andrey"]
[Result "1-0"]
[WhiteElo "2676"]
[BlackElo "2522"]
[PlyCount "121"]
[EventDate "2013.08.28"]
[EventType "swiss (blitz)"]
[EventRounds "13"]
[EventCountry "RUS"]
[SourceTitle "CBM 156 Extra"]
[Source "ChessBase"]
[SourceDate "2013.10.22"]
[SourceVersion "1"]
[SourceVersionDate "2013.10.22"]
[SourceQuality "1"]

1. Nf3 d5 2. e3 Nf6 3. c4 dxc4 4. Bxc4 e6 5. O-O c5 6. b3 Nc6 ({RR} 6... Be7 7. Bb2 O-O 8. d4 cxd4 9. Nxd4 a6 10. Be2 b5 11. Bf3 Ra7 12. a4 e5 13. Nc6 Nxc6 14. Bxc6 bxa4 15. Qxd8 Rxd8 16. Bxa4 e4 17. Bd4 Rb7 18. Nd2 Bb4 19. Nc4 Re7 20. h3 Bb7 21. Rfd1 {Deac,B (2700)-Vachier Lagrave,M (2737) chess.com INT 2023 ½-½ (33)}) ({RR} 6... Be7 7. Bb2 O-O 8. d4 cxd4 9. Nxd4 Bd7 10. Nd2 Nc6 11. N4f3 Qc7 12. Rc1 Rac8 13. a3 Rfd8 14. b4 Qb8 15. Qe2 Be8 16. h3 Nd5 17. Rfd1 Bf6 18. Ne4 Bxb2 19. Qxb2 Nce7 20. Ne5 Nb6 21. Ba2 {Donchenko,A (2632)-Blomqvist,E (2460) chess.com INT 2025 0-1 (68)}) 7. Bb2 Be7 8. Be2 O-O 9. Na3 $146 ({RR} 9. d3 b6 10. Nbd2 Bb7 11. a3 Nd5 12. Qc2 Rc8 13. Rac1 Bf6 14. Rfd1 {½-½ (14) Nowak,I (2390)-Szymczak,Z (2350) Lubniewice 1994}) ({RR} 9. d3 b6 10. Nbd2 Bb7 11. a3 Nd7 12. Ne4 Nf6 13. Ng3 Nd5 14. Qc2 Bf6 15. Rac1 Rc8 16. Ne4 Bxb2 17. Qxb2 Qe7 18. Rfd1 Rfd8 19. h3 h6 20. Qb1 f5 21. Ned2 Qf6 22. Qc2 Kh8 23. Re1 e5 {Shuvalov,E (2182)-Estrada Nieto,J (2280) Chess.com INT 2020 1-0 (43)}) 9... b6 10. Rc1 Bb7 11. Nc4 Nd5 12. Qc2 Bf6 13. a3 Bxb2 14. Qxb2 Qe7 15. Nfe5 Nxe5 16. Qxe5 Rfd8 17. Rfd1 f6 18. Qb2 e5 19. Bf3 Rac8 20. d3 Rc7 21. h3 Rcd7 22. Re1 Ba6 23. Bg4 Rc7 24. Rcd1 Qf7 25. d4 e4 26. dxc5 Rxc5 27. Rd4 f5 28. Be2 Rcc8 29. Ne5 Qf6 30. Bxa6 Qxe5 31. Bxc8 Rxc8 32. Qd2 Nf6 33. Rc1 Rxc1+ 34. Qxc1 h5 35. Qc4+ Kh7 36. Qf7 f4 37. Qc4 fxe3 38. fxe3 Qg3 39. Qe2 Qc7 40. a4 Qc1+ 41. Rd1 Qc3 42. Rb1 a5 43. Rb2 Qc1+ 44. Kh2 Qc7+ 45. Kg1 Qc1+ 46. Kf2 Kg6 47. Rc2 Qb1 48. Rc3 Qa1 49. Qd2 Qb1 50. Qc2 Qa1 51. Qc1 Qa2+ 52. Qc2 Qa3 53. Rc6 Qb4 54. Qc3 Qxc3 55. Rxc3 Nd5 56. Rc6+ Kf5 57. Rd6 Ke5 58. Rg6 Nb4 59. Rxb6 Nd3+ 60. Kg3 g5 61. Rb5+ 1-0

[Event "Moscow-ch blitz 67th"]
[Site "Moscow"]
[Date "2013.09.01"]
[Round "1"]
[White "Morozevich, Alexander"]
[Black "Demidov, Mikhail"]
[Result "1-0"]
[WhiteElo "2739"]
[BlackElo "2503"]
[PlyCount "66"]
[EventDate "2013.09.01"]
[EventType "tourn (blitz)"]
[EventRounds "19"]
[EventCountry "RUS"]
[EventCategory "15"]
[SourceTitle "CBM 156 Extra"]
[Source "ChessBase"]
[SourceDate "2013.10.22"]
[SourceVersion "1"]
[SourceVersionDate "2013.10.22"]
[SourceQuality "1"]

1. g3 Nf6 2. Bg2 d5 3. Nf3 c6 4. d3 Bg4 5. h3 Bxf3 6. Bxf3 Nbd7 ({RR} 6... e5 7. Nd2 Nbd7 8. O-O Bc5 9. e4 O-O 10. c3 dxe4 11. dxe4 Qc7 12. b4 Be7 13. Bb2 Rfd8 14. Qe2 Nf8 15. Rfd1 Rd7 16. Nc4 Rad8 17. Rxd7 Rxd7 18. Rd1 Rxd1+ 19. Qxd1 b5 20. Ne3 Qd7 21. Qxd7 {Prince,A (1641)-Hutchinson,N (1962) Cambridge ENG 2024 ½-½ (65)}) 7. Bg2 e6 8. e4 $146 ({RR} 8. O-O Bd6 9. c4 Qc7 10. Nc3 h6 11. cxd5 exd5 12. Be3 Nb6 13. Rc1 Qe7 14. Qb3 Nfd7 15. Bd2 Nc5 16. Qc2 Ne6 17. e4 O-O 18. Rfe1 Rac8 19. exd5 cxd5 20. Qd1 Qd7 21. Qg4 Kh8 22. Nxd5 Nxd5 {Bira,A (1487)-Dragomir,C (1399) Calimanesti Caciulata 2019 ½-½ (58)}) ({RR} 8. O-O Bd6 9. e4 Qc7 10. Qe2 O-O-O 11. Nd2 Kb8 12. a4 g5 13. d4 dxe4 14. a5 a6 15. Nc4 h6 16. Nxd6 Qxd6 17. Rd1 e5 18. dxe5 Qxe5 19. Be3 Rhe8 20. Rd4 Nd5 21. Rad1 f5 22. Bc1 Kc8 {Morozevich,A (2741)-Kramnik,V (2766) Monte Carlo 2007 0-1 (37)}) ({RR} 8. O-O Be7 9. Nd2 O-O 10. e4 a5 11. a4 Nc5 12. e5 Nfd7 13. d4 Na6 14. Qe2 c5 15. c3 Qb6 16. Nf3 c4 17. Bg5 Rfe8 18. Bxe7 Rxe7 19. Nh4 Nc7 20. f4 g6 21. g4 Rf8 22. Kh1 f5 {Perez Cameselle,F (1853)-Pastor Alonso de Prado,E (2098) Madrid 2015 0-1 (41)}) 8... dxe4 9. dxe4 e5 10. O-O Be7 11. Nd2 O-O 12. Qe2 Re8 13. a4 Nc5 14. Nc4 Qc7 15. f4 Nfd7 16. f5 f6 17. b4 Na6 18. c3 Bf8 19. Rd1 Rad8 20. Be3 c5 21. b5 Nab8 22. a5 Be7 23. Bf1 Nf8 24. Bf2 Rxd1 25. Qxd1 g6 26. Ne3 Kg7 27. Nd5 Qc8 28. g4 a6 29. Rb1 Bd8 30. Qa4 Nfd7 31. bxa6 Nxa6 32. Qb5 Nab8 33. Qxb7 Bxa5 1-0

[Event "Moscow-ch blitz 67th"]
[Site "Moscow"]
[Date "2013.09.01"]
[Round "2"]
[White "Malakhov, Vladimir"]
[Black "Mozharov, Mikhail"]
[Result "1-0"]
[WhiteElo "2707"]
[BlackElo "2508"]
[PlyCount "73"]
[EventDate "2013.09.01"]
[EventType "tourn (blitz)"]
[EventRounds "19"]
[EventCountry "RUS"]
[EventCategory "15"]
[SourceTitle "CBM 156 Extra"]
[Source "ChessBase"]
[SourceDate "2013.10.22"]
[SourceVersion "1"]
[SourceVersionDate "2013.10.22"]
[SourceQuality "1"]

1. Nf3 Nf6 2. g3 d5 3. Bg2 Bg4 4. c4 Bxf3 5. Bxf3 c6 6. Qb3 Qd7 7. O-O e6 8. d4 Be7 9. Nc3 O-O ({RR} 9... b6 10. Rd1 Na6 11. e4 dxe4 12. Nxe4 Rc8 13. Nxf6+ Bxf6 14. Qa3 Nb8 15. d5 Qe7 16. Qa4 O-O 17. dxc6 Qc5 18. Be3 Qf5 19. Bg2 Bxb2 20. Rab1 Bf6 21. c5 Bd8 22. Qxa7 Nxc6 23. Bxc6 Rxc6 24. cxb6 {Tanaka,T (2256)-Taylor,A (1839) Toronto CAN 2024 1-0}) 10. Bf4 Na6 11. Rfd1 Rac8 $146 ({RR} 11... Nb4 12. Rac1 dxc4 13. Qxc4 Nbd5 14. Nxd5 exd5 15. Qc3 Rfe8 16. b4 a6 17. a4 Bd6 18. Be5 Bxe5 19. dxe5 Ng4 20. Bxg4 Qxg4 21. Rc2 h5 22. f4 h4 23. Qf3 Qf5 24. Rc3 hxg3 25. hxg3 Re6 26. Kg2 {Doll,S-Bitsch,K Eppingen 1988 0-1 (59)}) ({RR} 11... dxc4 12. Qxc4 Nd5 13. Nxd5 exd5 14. Qd3 Nc7 15. Bxc7 Qxc7 16. e4 dxe4 17. Bxe4 g6 18. d5 Rad8 19. Qf3 c5 20. d6 Bxd6 21. Bxb7 Rb8 22. Rac1 Be5 23. Bc6 Bxb2 24. Rxc5 Rbd8 25. Rxd8 Rxd8 26. Rd5 {Zollbrecht,J (2306)-Kunte,A (2547) Biel 2001 ½-½}) 12. e4 dxe4 13. Nxe4 Nxe4 14. Bxe4 g6 15. Be3 Qc7 16. Rac1 Qb6 17. Qc2 c5 18. d5 exd5 19. Bxd5 Nb4 20. Qa4 Bf6 21. b3 Rfd8 22. Be4 Nc6 23. Bxc6 bxc6 24. Rxd8+ Rxd8 25. Qa3 Bd4 26. Bh6 Re8 27. Rf1 Qc7 28. Qc1 Qe5 29. a3 Qe2 30. Qf4 Qd3 31. Qc7 Qxb3 32. Qxc6 Rb8 33. Re1 Rf8 34. Bxf8 Kxf8 35. Qd5 Kg7 36. Kg2 Qc3 37. Re7 1-0

[Event "Moscow-ch blitz 67th"]
[Site "Moscow"]
[Date "2013.09.01"]
[Round "6"]
[White "Dubov, Daniil"]
[Black "Demidov, Mikhail"]
[Result "1-0"]
[WhiteElo "2624"]
[BlackElo "2503"]
[PlyCount "103"]
[EventDate "2013.09.01"]
[EventType "tourn (blitz)"]
[EventRounds "19"]
[EventCountry "RUS"]
[EventCategory "15"]
[SourceTitle "CBM 156 Extra"]
[Source "ChessBase"]
[SourceDate "2013.10.22"]
[SourceVersion "1"]
[SourceVersionDate "2013.10.22"]
[SourceQuality "1"]

1. Nf3 d5 2. g3 c6 3. Bg2 Bg4 4. O-O Nd7 5. d3 e6 6. h3 Bxf3 ({RR} 6... Bh5 7. e4 Bd6 8. exd5 cxd5 9. c4 Ne7 10. Nc3 O-O 11. cxd5 exd5 12. g4 Bg6 13. Nh4 Nb6 14. a4 a5 15. f4 f5 16. Be3 Bf7 17. Nxf5 Nxf5 18. gxf5 Be7 19. Bd4 Bf6 20. Be5 Nc8 21. Nb5 {Fressinet,L (2700)-Ponomariov,R (2712) Huaian 2016 1-0 (77)}) 7. Bxf3 g6 $146 ({RR} 7... Bd6 8. e4 Ne7 9. Bg2 Qb6 10. Kh1 O-O-O 11. Qe2 h5 12. c3 Rdg8 13. b4 g5 14. Be3 Qc7 15. Nd2 f5 16. f4 gxf4 17. gxf4 fxe4 18. dxe4 dxe4 19. Nxe4 Nf5 20. Rad1 Kb8 21. Qd2 Nb6 22. Bxb6 {Stojanovic,A (2329)-Pejic,I (1873) Rijeka 2009 1-0}) ({RR} 7... Bc5 8. Bg2 Ne7 9. e4 O-O 10. Nd2 a5 11. a4 Qc7 12. Kh1 f5 13. Qe2 dxe4 14. Nb3 Bd6 15. dxe4 f4 16. e5 Bxe5 17. gxf4 Bd6 18. Nd4 Nc5 19. Nxe6 Nxe6 20. Qxe6+ Kh8 21. Bd2 Ng6 22. Rae1 {Kramnik,V (2753)-Svane,F (2636) chess.com INT 2024 ½-½ (61)}) ({RR} 7... Ngf6 8. b3 a5 9. a3 Bd6 10. Bb2 O-O 11. Nd2 b5 12. e3 b4 13. Ra2 Qb8 14. Qa1 Be5 15. Bxe5 Nxe5 16. axb4 axb4 17. Rxa8 Nxf3+ 18. Nxf3 Qxa8 19. Qd4 Qb8 20. Qc5 Rc8 21. Ra1 Nd7 22. Qe7 {Markowski,T (2598)-Dizdar,G (2548) Plovdiv 2008 1-0 (36)}) 8. Bg2 Bg7 9. e4 Ne7 10. Nd2 O-O 11. Qe2 Qb6 12. Kh2 dxe4 13. dxe4 Qb5 14. Qe1 Qc5 15. c3 Ne5 16. Qe2 Qb5 17. c4 Qa5 18. f4 Nd7 19. e5 Rfd8 20. Ne4 Nf5 21. Bd2 Qc7 22. Bc3 Nb6 23. b3 Nd7 24. Qf2 Qb6 25. c5 Qa6 26. Rfd1 b6 27. g4 Ne7 28. Bf1 Qb7 29. Nd6 Qc7 30. b4 Nd5 31. Bd2 g5 32. fxg5 Nxe5 33. Kh1 a5 34. Ne4 axb4 35. Nf6+ Kh8 36. Re1 bxc5 37. Bf4 Nxg4 38. Qh4 Nf2+ 39. Kg1 Bxf6 40. Bxc7 Rg8 41. Qxf2 Rxg5+ 42. Kh1 Bd4 43. Qh4 Rag8 44. Bh2 Ne7 45. Bd3 R8g7 46. Qf4 e5 47. Qf3 Nd5 48. Be4 Nc3 49. Bxc6 f5 50. Bxe5 Bxe5 51. Rxe5 h6 52. Qd1 1-0

[Event "Chepukaitis Memorial blitz final"]
[Site "St Petersburg"]
[Date "2013.09.07"]
[Round "3"]
[White "Goganov, Aleksey"]
[Black "Alekseev, Evgeny V"]
[Result "1-0"]
[WhiteElo "2577"]
[BlackElo "2710"]
[PlyCount "67"]
[EventDate "2013.09.07"]
[EventType "tourn (blitz)"]
[EventRounds "5"]
[EventCountry "RUS"]
[EventCategory "15"]
[SourceTitle "CBM 156 Extra"]
[Source "ChessBase"]
[SourceDate "2013.10.22"]
[SourceVersion "1"]
[SourceVersionDate "2013.10.22"]
[SourceQuality "1"]

1. Nf3 c5 2. b3 d6 3. e3 e5 4. Bb2 Nc6 5. Bb5 Bd7 6. O-O a6 ({RR} 6... Nf6 7. d4 cxd4 8. exd4 e4 9. d5 exf3 10. dxc6 bxc6 11. Re1+ Be7 12. Bxf6 gxf6 13. Bd3 fxg2 14. Qh5 Qb6 15. Nc3 Qc5 16. Qxc5 dxc5 17. Rad1 h5 18. Bc4 Rd8 19. Ne4 Kf8 20. h4 Bf5 21. Rxd8+ {Nakamura,H (2745)-Nepomniachtchi,I (2776) Chess.com INT 2020 1-0 (38)}) ({RR} 6... Nf6 7. c4 Be7 8. Nc3 O-O 9. Re1 Bg4 10. h3 Bh5 11. g4 Bg6 12. Bxc6 bxc6 13. d4 cxd4 14. exd4 e4 15. Nh4 d5 16. Nxg6 fxg6 17. Qd2 Bd6 18. Nd1 Nd7 19. a4 Qh4 20. Kg2 Rf3 21. Rh1 {Bozorov,J (2199)-Goryachkina,A (2544) chess.com INT 2025 0-1}) 7. Be2 $146 ({RR} 7. Bxc6 Bxc6 8. d4 e4 9. Nfd2 Nf6 10. dxc5 dxc5 11. Nc4 Be7 12. Qxd8+ Rxd8 13. Na5 Bd5 14. Nc3 b6 15. Nxd5 Rxd5 16. Nc4 b5 17. Na5 Rd2 18. Rac1 O-O 19. Nc6 Nd5 20. Rfd1 Rxd1+ 21. Rxd1 Rc8 {Yeletsky,I (2481)-Nazari,A (2389) Chess.com INT 2022 1-0 (35)}) ({RR} 7. Bxc6 Bxc6 8. d4 e4 9. Nfd2 Nf6 10. dxc5 dxc5 11. Nc4 Be7 12. Qxd8+ Rxd8 13. Na5 Bd5 14. Nc3 b6 15. Nxd5 Rxd5 16. Nc4 b5 17. Na5 Rd2 18. Rac1 O-O 19. Nc6 Nd5 20. Rfd1 Rxd1+ 21. Rxd1 Rc8 {Yeletsky,I (2481)-Nazari,A (2389) Chess.com INT 2022 1-0 (35)}) 7... g6 8. d4 exd4 9. exd4 Bg7 10. Na3 b5 11. c4 b4 12. Nc2 Nge7 13. a3 O-O 14. axb4 cxb4 15. Ne3 Nf5 16. Nxf5 Bxf5 17. Qd2 Bg4 18. h3 Bxf3 19. Bxf3 Qc7 20. Bxc6 Qxc6 21. Qxb4 Rfb8 22. Qc3 Qb6 23. Ra3 a5 24. Rfa1 a4 25. Rxa4 Rxa4 26. Rxa4 Qxb3 27. Qxb3 Rxb3 28. Ra8+ Bf8 29. Ba3 Kg7 30. d5 Be7 31. Ra7 Kf8 32. Ra6 Rb1+ 33. Kh2 Rd1 34. Bxd6 1-0

[Event "Chepukaitis Memorial blitz final"]
[Site "St Petersburg"]
[Date "2013.09.07"]
[Round "5"]
[White "Goganov, Aleksey"]
[Black "Aleksandrov, Aleksej"]
[Result "1-0"]
[WhiteElo "2577"]
[BlackElo "2598"]
[PlyCount "110"]
[EventDate "2013.09.07"]
[EventType "tourn (blitz)"]
[EventRounds "5"]
[EventCountry "RUS"]
[EventCategory "15"]
[SourceTitle "CBM 156 Extra"]
[Source "ChessBase"]
[SourceDate "2013.10.22"]
[SourceVersion "1"]
[SourceVersionDate "2013.10.22"]
[SourceQuality "1"]

1. Nf3 d5 2. g3 g6 3. Bg2 Bg7 4. O-O e5 5. c4 d4 6. d3 Ne7 7. b4 O-O 8. Bb2 ({RR} 8. a4 a5 9. b5 c5 10. Nbd2 Ra7 11. Ra3 b6 12. e3 h6 13. exd4 exd4 14. Re1 Nf5 15. Ra2 Nd6 16. Ne4 Nxe4 17. Rxe4 Bf5 18. Re1 Re8 19. Rxe8+ Qxe8 20. Re2 Re7 21. Rxe7 Qxe7 22. Nh4 Bc8 {Fressinet,L (2717)-Le,Q (2712) Dubai 2014 ½-½ (43)}) 8... a5 ({RR} 8... h6 9. Re1 c5 10. bxc5 Na6 11. e3 Nxc5 12. exd4 exd4 13. Ba3 Qc7 14. Nbd2 Re8 15. Nb3 Ne6 16. Rb1 a5 17. Qc2 Bd7 18. Nbxd4 Bxd4 19. Rxe6 Bxe6 20. Nxd4 Nc6 21. Nb5 Qd7 22. Nd6 Reb8 23. Qc3 {Duong Vu Anh (2070)-Vrashank,C (2199) Hanoi VIE 2024 1-0 (40)}) 9. a3 c5 10. bxc5 $146 ({RR} 10. Nbd2 Na6 11. Nb3 cxb4 12. axb4 Nxb4 13. Qd2 Nec6 14. Ba3 Rb8 15. Nxa5 Qxa5 16. Rfb1 Ra8 17. Qb2 Bd7 18. Nd2 Qb6 19. Bxb4 Nxb4 20. Rxa8 Rxa8 21. Qxb4 Qxb4 22. Rxb4 Ra1+ 23. Rb1 Rxb1+ 24. Nxb1 b6 {Vinuela Diaz,S (2230)-Kaczur,F (2471) Gijon 2018 ½-½ (51)}) ({RR} 10. b5 Bf5 11. Nbd2 a4 12. Ng5 Qd7 13. Nge4 Qc7 14. Rb1 Nd7 15. e3 Nc8 16. exd4 exd4 17. Re1 Ne5 18. Nf3 Bg4 19. h3 Nxf3+ 20. Bxf3 Bxh3 21. Bc1 Bf5 22. Bf4 Qb6 23. Qd2 h5 24. Bh6 Bxe4 {Muradyan,A (1667)-Viskelis,D (2137) Riga 2022 ½-½ (122)}) 10... Na6 11. Nbd2 Nxc5 12. a4 Bd7 13. Ng5 Qe8 14. Ba3 Nxa4 15. Nde4 Nc3 16. Nxc3 dxc3 17. Ne4 Bc6 18. Qb3 Qd7 19. Qxc3 a4 20. Rab1 Rfb8 21. Rb6 Nf5 22. e3 Rd8 23. Nc5 Qc7 24. Bxc6 Qxb6 25. Bxb7 Ra5 26. Qb4 Qxb4 27. Bxb4 Ra7 28. Bd5 Bf8 29. Ra1 Rb8 30. Ba3 Kg7 31. Kg2 h5 32. h4 Rc8 33. Nxa4 Bxa3 34. Rxa3 Ne7 35. Bf3 f5 36. Ra2 Nc6 37. Nc3 Rxa2 38. Nxa2 Na5 39. Nc3 Nb3 40. Nd5 Nc1 41. d4 exd4 42. exd4 Nb3 43. Nb6 Rb8 44. Nd7 Rd8 45. Nc5 Nxd4 46. Bd5 Kf6 47. Nd3 Rc8 48. Nf4 Nb3 49. Ne6 Nd2 50. c5 Ke5 51. Nf4 Kf6 52. c6 Ne4 53. Kf3 Nc3 54. Ke3 Nxd5+ 55. Nxd5+ Ke6 1-0

[Event "World Cup ACP"]
[Site "Riga"]
[Date "2013.09.13"]
[Round "1.1"]
[White "Svidler, Peter"]
[Black "Jakovenko, Dmitrij"]
[Result "1-0"]
[WhiteElo "2746"]
[BlackElo "2724"]
[PlyCount "107"]
[EventDate "2013.09.13"]
[EventType "k.o. (rapid)"]
[EventRounds "4"]
[EventCountry "LAT"]
[SourceTitle "CBM 156 Extra"]
[Source "ChessBase"]
[SourceDate "2013.10.22"]
[SourceVersion "1"]
[SourceVersionDate "2013.10.22"]
[SourceQuality "1"]

1. g3 d5 2. Bg2 Nf6 3. d3 c5 4. Nd2 Nc6 5. e4 dxe4 6. dxe4 e5 7. Ngf3 Be7 8. O-O O-O 9. Nc4 ({RR} 9. c3 b6 10. Qe2 a5 11. Nc4 Ba6 12. a4 Ne8 13. Re1 Nd6 14. b3 Qc7 15. Nfd2 Rab8 16. Qg4 b5 17. Ne3 Bc8 18. Qd1 b4 19. Nd5 Qd8 20. c4 Be6 21. Ra2 Qd7 22. f4 f6 23. Nf3 Nf7 {Movsziszian,K (2525)-Kovacevic,S (2420) La Pobla de Lillet 1998 1-0 (56)}) ({RR} 9. c3 Bg4 10. Qe2 Qc7 11. h3 Bh5 12. g4 Bg6 13. Nh4 Rfd8 14. Nf5 Bf8 15. Nc4 Bxf5 16. exf5 e4 17. Bg5 Be7 18. Rad1 Rxd1 19. Rxd1 Rd8 20. Rxd8+ Qxd8 21. Bxf6 Bxf6 22. Qxe4 h6 23. Qd5 Qe7 {Sai,K (2374)-Ribeiro,M (2328) chess.com INT 2025 1-0 (73)}) 9... Qc7 10. Ne3 Rd8 11. Nd5 $146 ({RR} 11. Qe2 Nd4 12. Nxd4 cxd4 13. Nd5 Nxd5 14. exd5 Bf5 15. Be4 Bxe4 16. Qxe4 Bf6 17. Bd2 Qd6 18. c4 dxc3 19. Bxc3 Qxd5 20. Qxd5 Rxd5 21. Rad1 Rad8 22. Rxd5 Rxd5 23. Re1 Kf8 24. f4 Ke7 25. g4 h6 {Gianni,M-Parker,F San Francisco 2001 0-1 (44)}) 11... Nxd5 12. exd5 Bg4 13. h3 Bh5 14. Re1 Nd4 15. c3 Nxf3+ 16. Bxf3 Bxf3 17. Qxf3 c4 18. Qe4 Qd7 19. Qxe5 Bf6 20. Qh5 Rac8 21. Be3 Qxd5 22. Qxd5 Rxd5 23. Bxa7 Rd2 24. Rab1 Ra8 25. Re4 b5 26. a4 Rd7 27. Be3 bxa4 28. Rxc4 h5 29. Ra1 Rb7 30. Raxa4 Rxa4 31. Rxa4 Rxb2 32. c4 Rc2 33. Kg2 Rc3 34. g4 hxg4 35. hxg4 Kf8 36. g5 Be5 37. Kf3 Bd4 38. Ke4 Bxe3 39. fxe3 Ke7 40. Kd4 Rc1 41. Kd5 Rd1+ 42. Ke5 f6+ 43. gxf6+ gxf6+ 44. Ke4 Rc1 45. Kd4 Rd1+ 46. Kc5 Re1 47. Ra3 Kd7 48. Rd3+ Kc7 49. Kd5 Kd7 50. c5 Rf1 51. e4 Rf2 52. Rd1 Rf3 53. e5 Rf5 54. Ke4+ 1-0